000 00476nam a2200181Ia 4500
005 20250508162540.0
008 008 250505s9999 xx 000 0 hin d
037 _aTextual
040 _aFEDL
_beng
_cFEDL
041 _ahin
_2eng
084 _aFH, POT
_qFEDL
100 _aPottekkatta S K
_9501314
245 0 _aLoung
260 _aNew Delhi, India
_bNational Publishing House
_c1985
300 _a63p.
942 _cTEXL
_hFH, POT
999 _c1377243
_d1377243